000 00595nam a22002297a 4500
003 UA-OsUOA
001 95531
007 ta
008 20130304b un ||||| |||| 00| 0 ukr d
100 _aКиплинг Р.
090 _a821.111
_bК42
942 _cBK
040 _aUA-OsUOA
_brus
_cUA-OsUOA
_dUA-OsUOA
245 _aИзбранные стихотворения
300 _a256 с.
955 _a3
041 _arus
080 _a821.111
260 _aОмск
_bАРКОР
_c2000
650 7 _a82 Література. Літературознавство
_2UDC
999 _c381780
_d381780